000 02071 a2200205 4500
020 _a0201563495
020 _a9780201563498
082 0 4 _a658.5
090 _c1752
_d1752
100 1 _aCarter, Donald E.
245 1 0 _aCe concurrent engineering :
_bthe product development environment for the 1990s /
_cDonald E. Carter.
260 _a[S.l.] :
_bAddison Wesley Publishing Company,
_c1992.
300 _a175 p. ;
_c24 cm.
500 _aHardcover.
520 _aThere are new rules in high-tech product design today for companies wanting to be world-class contenders. Learn how to draw on the best resources your company has to offer in design, manufacturing, marketing and service as early as possible and your products will be the right products the first time out. This teamwork-oriented approach to product design is Concurrent Engineering. Here's the book that will help you understand the essential dimensions of concurrent engineering and how you will reap the benefits of producing better designed products. You will reduce time-to-market delivery, experience cost savings, and satisfy even more customers. In Concurrent Engineering: The Product Development Environment for the 1990s you will examine the five forces of change that you must contend with in competitive product design: technology, tools, tasks, talent, and time. You will uncover valuable resources within your own company by understanding how new multifunctional teams, made up of individuals from R&D, marketing, manufacturing and other key areas, will ensure that product design options are plausible before spending time and money. Whether you are an engineer or product manager, you will discover valuable guidance in this book on how to transform your product development approach to concurrent engineering. 0201563495B04062001.
700 1 _aBaker, Barbara Stilwell.
856 4 0 _3Amazon.com
_uhttp://www.amazon.com/exec/obidos/ASIN/0201563495/chopaconline-20
856 4 0 _3Amazon customer reviews
_uhttp://www.chopac.org/cgi-bin/tools/azrev.pl?q=0201563495
942 _aNBS
_cBK
_k620 CON
999 _c344266
_d344266